| 000 | 00000nam##2200000za#4500 |
| 001 | 9.660748 |
| 003 | CaOODSP |
| 005 | 20200330130507 |
| 007 | ta |
| 008 | 150407|1998||||xxc||||| f|0| 0 fre|d |
| 020 | |a0-662-64027-6 |
| 040 | |aCaOODSP|bfre |
| 041 | |aeng |
| 041 | |afre |
| 043 | |an-cn--- |
| 086 | 1 |aCi51-86/1998 |
| 110 | 1 |aCanada.|bCitoyenneté et Immigration Canada. |bDirection générale des affaires publiques. |
| 245 | 10|aDe solides assises pour le 21e siècle : |bnouvelles orientations pour la politique et la législation relatives aux immigrants et aux réfugiés |
| 260 | |aOttawa - Ontario : |bCitoyenneté et Immigration Canada. |c1998. |
| 300 | |aTexte français, iii, 58p. ; |c28 cm. |
| 500 | |aSommaire: Processus de révision de la législation.--Orientations pour une réforme.--Ajuster les objectifs dans une loi claire, simple et cohérente.--Renforcer les partenariats.--Favoriser davantage la réunion des familles.--Moderniser le mode de sélection des travailleurs qualifiés et des gens d'affaires.--Introduire des critères transparents pour la résidence permanente.--Améliorer la protection des réfugiés.--Assurer la sécurité des Canadiens.--Accroître l'efficacité du processus d'appel de l'immigration.--Redéfinir le pourvoir discrétionnaire. |
| 546 | |aBilingue |
| 563 | |aCouverture souple |
| 590 | |a99-19|b1999-05-14 |
| 691 | 07|aRéfugié|2gcpds |
| 691 | 07|aPolitique d'immigration|2gcpds |
| 776 | 0#|tDe solides assises pour le 21e siècle : |w(CaOODSP)9.639753 |
| 776 | 0#|tBuilding on a strong foundation for the 21st century : |w(CaOODSP)9.695621 |
| 791 | |tBuilding on a strong foundation for the 21st century : |eeng|w(CaOODSP)9.660747 |